|
|
|
|
| LEADER |
01841nam a2200325 i 4500 |
| 001 |
10116363 |
| 003 |
upatras |
| 005 |
20240413063302.0 |
| 008 |
150603s1981 gr gre d |
| 952 |
|
|
|0 0
|1 0
|4 0
|6 401_000000000000000_ΠΑΠ
|7 0
|9 179283
|a THST
|b THST
|d 2016-04-24
|i 001891
|l 0
|o 401 ΠΑΠ
|p 025000013319
|r 2016-04-24 00:00:00
|t 1
|w 2016-04-24
|y BK15
|
| 952 |
|
|
|0 0
|1 0
|4 0
|6 401_000000000000000_ΠΑΠ
|7 0
|9 179284
|a LISP
|b LISP
|c BSC
|d 2016-04-24
|i 001892
|l 1
|m 1
|o 401 ΠΑΠ
|p 025000013320
|r 2025-01-27 12:31:57
|s 2024-12-05
|t 2
|v 2016.00
|w 2016-04-24
|y BK15
|
| 952 |
|
|
|0 0
|1 0
|2 ddc
|4 0
|6 401_000000000000000_ΚΕΙ
|7 0
|9 328636
|a LISP
|b LISP
|c DON
|d 2021-09-20
|e ΓΑΛ
|i 142078
|l 0
|o 401 ΚΕΙ
|p 025000267501
|r 2021-09-20 00:00:00
|t 3
|v 2021.00
|w 2021-09-20
|y BKN
|
| 999 |
|
|
|c 111094
|d 111094
|
| 040 |
|
|
|a GR-PaULI
|c GR-PaULI
|b gre
|e AACR2
|
| 082 |
1 |
4 |
|a 401
|2 23
|
| 100 |
1 |
|
|a Benveniste, Emile
|d 1902-1976
|9 144402
|e συγγραφέας
|
| 245 |
1 |
0 |
|a Κείμενα σημειολογίας /
|c επιλογή - μετάφραση Κωστής Παπαγιώργης.
|
| 260 |
|
|
|a [Αθήνα]:
|b Νεφέλη,
|c 1981.
|
| 300 |
|
|
|a 235 σ.;
|c 21 εκ.
|
| 500 |
|
|
|a Περιλαμβάνει λεξιλόγιο.
|
| 650 |
|
0 |
|a Γλωσσολογία
|9 517
|
| 650 |
|
4 |
|9 5296
|a Σημειωτική
|
| 700 |
1 |
|
|a Peirce, Charles Sanders
|9 25930
|e συγγραφέας
|
| 700 |
1 |
|
|a Foucault, Michel
|d 1926-1984
|9 858
|e συγγραφέας
|
| 700 |
1 |
|
|9 2923
|a Παπαγιώργης, Κωστής,
|d 1947-2014
|e μεταφραστής
|e επιμελητής
|
| 700 |
1 |
|
|9 7885
|a Derrida, Jacques,
|d 1930-2004
|4 aut
|
| 852 |
|
|
|a GR-PaULI
|b ΠΑΤΡΑ
|b ΘΕΑΤΡΟΛΟΓΙΑ
|k ΑΣΧΕ-3
|h 401 ΠΑΠ
|m 001891
|p 025000013319
|t 1
|
| 852 |
|
|
|a GR-PaULI
|b ΠΑΤΡΑ
|b ΘΕΑΤΡΟΛΟΓΙΑ
|k ΑΣΧΕ-3
|h 401 ΠΑΠ
|m 001892
|p 025000013320
|t 2
|
| 942 |
|
|
|2 ddc
|c BK15
|
| 998 |
|
|
|c ΜΑΝΙΑ
|d 2015-06
|